000 00414nam a2200145Ia 4500
008 230917s9999||||xx |||||||||||||| ||und||
040 _e171934
_aMAIN
041 _aEnglish
082 _a891.431721 SM22B
100 _aसैन, प्रीतम
245 0 _aभगवद् अनुरंजन
260 _aदिल्ली
_bज्ञान भारती
300 _a149 पृ. p.
942 _cHN
999 _c226110
_d226110